000 00407nam a22001577a 4500
003 OSt
008 240702b |||||||| |||| 00| 0 eng d
020 _a9781576755020
100 _aARBINGER
245 _aLeadership and Self-deception: Getting Out of the Box
250 _a3rd
260 _aCalifornia
_bBerrett-Koehler Publishers
_c2018
300 _a221p.
650 _aGeneral Books
942 _2ddc
_cREF
999 _c12719
_d12719